Statistics for Random Trivia # 6

Click here to take the quiz!

General Stats

  • This quiz has been taken 145 times
    (104 since last reset)
  • The average score is 8 of 15

Answer Stats

HintAnswer% Correct
YOLO stands for...You Only Live Once
84%
How many innings are in a regular MLB game?Nine
79%
The prefix "Poly-" means...Many
76%
Half Man - Half HorseCentaur
75%
The Bridgestone Company produces what?Tires/Wheels
63%
In the NBA, The Raptors are from what city?Toronto
60%
Family Guy airs on what Network?Fox
58%
Makes NFL jerseys as of 2012...Nike
51%
Stadium Where " The Boston Redsox" PlayFenway Park
47%
In WWII, what was the British Air Force called?Royal Air Force
46%
Who Wrote "BFG" ?Roald Dahl
41%
Guatemala grows mostly_______ in their farms.Bananas
32%
Guadeloupe is a Territory of what country?France
29%
Who starred in the Movie, "The American" ?George Clooney
15%
The city of Charjew is in this countryTurkmenistan
2%

Score Distribution

Percentile by Number Answered

Percent of People with Each Score

Your Score History

You have not taken this quiz since the last reset